000 01537cam a22004214i 4500
003 PE-LiUPU
005 20250731173206.0
008 150625s1981 sp r 000 0 spa d
035 _a(Sirsi) a31469
040 _aPE-LiUPU
_bspa
_cPE-LiUPU
_erda
049 _aPRUA
082 0 4 _a220.61
_bCH23
_221
100 1 _aCharpentier, Etienne,
_eautor.
245 1 0 _aPara Leer el Nuevo Testamento /
_cEtienne Charpentier.
264 1 _aNavarra :
_bVerbo Divino,
_c1981.
300 _a128 páginas ;
_c22 centímetros
336 _atext
_2rdacontent
337 _aunmediated
_2rdamedia
338 _avolume
_2rdacarrier
505 0 _aEl mundo de los primeros cristianos -- El acontecimiento pascual -- Pablo y sus cartas -- Evangelio segun San Marcos -- Evangelio segun San Mateo -- La obra de lucas: evangelio y cartas -- El Apocalipsis.
526 _aSEG42
526 _aSEG41
526 _aSEG40
526 _aSEG39
526 _aP94
526 _aP87
526 _aP86
526 _aP85
526 _aP77
526 _aP76
526 _aP35
650 0 4 _aNuevo Testamento.
942 _2ddc
_cBOOK
949 _a220.61 CH23
_wDEWEY
_c1
_i37193
_lCCODEBUL1
_mBUL
_p00.00
_r0
_sY
_tBOOK
_u2015-06-25
_xBIBLIOTECA
_zUNKNOWN
_0COMPRA
_o.STAFF. Colección General
596 _a1
999 _a220.61 CH23
_wDEWEY
_c39026
_i37193
_d39026
_e2017-5-15
_f2021-11-11
_g5
_lCCODEBUL1
_mBUL
_n1
_p59.00
_r0
_sY
_tBOOK
_u2015-6-25
_xTEOLOGIA
_PP35
_0COMPRA
_o.STAFF. Colección Teología
980 _81
_gALBERTO SANCHEZ Responsable de Automatización